Wird geladen...

Ente priyappetta kathakal (Kovilan)

Bibliographische Detailangaben
1. Verfasser: Kovilan; Author
Format: Printed Book
Veröffentlicht: Kottayam, D C Books 2009
Schlagworte:
LEADER 005840000a22001930004500
020 |a 81-264-0605-4 
040 |a MAL 
082 |a A301 KOV1/E P3 
100 |a Kovilan; Author 
245 |a Ente priyappetta kathakal (Kovilan) 
250
260 |a Kottayam, D C Books  |e 20096 
260 |c 2009 
460 |a 108p 
465 |a Rs.60.00 
500 |a Kovilan 
650 |a Short stories, Malayalam 
999 |c 43399  |d 43399 
952 |0 0  |1 0  |4 0  |6 A_000000000000000_301_KOV1E_P3  |7 0  |8 MAL  |9 44038  |a MGUL  |b MGUL  |d 2013-07-16  |e Rs.60.00  |l 4  |m 2  |o A301 KOV1/E P3  |p 41833  |r 2017-03-02  |s 2017-03-02  |w 2013-07-16  |y BK